000 00641nmm a2200193Ia 4500
008 251105s9999||||xx |||||||||||||||||und||
020 _a9788490730034
041 _aspa
100 _aBlanchard , Yves-Marie
245 0 _aLa Palabra del Señor :
_b Reflexiones sobre la Exhortación Apostólica Verbum Domini. Cuaderno Bíblico 163
264 _a[Madrid, España] :
_bEditorial Verbo Divino,
_c2014
300 _a95 páginas
490 _aCuadernos bíblicos
650 _aReligion(s)
700 _aBlanchard , Yves-Marie
700 1 _a Poffet , Jean Michel
856 _uhttps://public.digitaliapublishing.com/a/30495
942 _cCF
999 _c62914
_d62914